| 000 | 01237nam a2200325 i 4500 | ||
|---|---|---|---|
| 003 | EG-GICUC | ||
| 005 | 20260220042220.0 | ||
| 008 | 260220s1996 ua ||||fr|||| 001 0 ara d | ||
| 017 | _a1996/7858 | ||
| 020 | _a977-03-0232-5 | ||
| 040 |
_a EG-GICUC _bara _c EG-GICUC _d EG-GICUC _erda |
||
| 041 | 0 | _aara | |
| 082 | 0 | 4 |
_a343.3 _bح س . م _221 |
| 092 | 0 | 4 | _221 |
| 099 | _aLaw1 10 343.3 ح س . م 1996 | ||
| 100 | 0 |
_aحسن صادق المرصفاوي _eمؤلف. |
|
| 245 | 1 | 2 |
_aالمرصفاوي في القانون الجنائي. _nالجزء الرابع، _bقانون الإجراءات الجنائية تشريعاً وقضاء في مائة عام / _cدكتور حسن صادق المرصفاوي. |
| 264 | 1 |
_aالاسكندرية : _bمنشاة المعارف، _c1996. |
|
| 300 |
_a2093 ؛ صفحة _c24 سم. |
||
| 336 |
_2rda content _atext |
||
| 337 |
_2rda media _aComputer |
||
| 338 |
_2rda carrier _aOnline Resource |
||
| 546 | _aالنص باللغة العربية | ||
| 650 | 1 | 4 | _aقانون الإجراءات الجنائية |
| 650 | 1 | 4 | _aالقانون الجنائي |
| 651 | 1 | _2qrmak | |
| 856 | 4 | 0 | _uhttps://fll.law.cu.edu.eg/fulltext/bks/B10-08436.pdf |
| 905 | _a77 | ||
| 942 |
_2ddc _cBK _e21 _n0 |
||
| 999 |
_c63892 _d63892 |
||